000 00753nam a2200205Ii 4500
003 JO-AjNU
008 230605s9999||||xx |||||||||||||| ||und||
017 _a2014/8/3927
040 _aJO-AjNU
_bara
_erda
_cJO-AjNU
041 _aara
050 1 4 _aG155 2015
100 3 _aالرواضية، زياد عيد,
_eauthor
_951045
245 0 0 _aالإرشاد السياحي وأدوات إدارة المجموعات السياحية
264 3 1 _aعمان: الجامعة الاردنية، 2015
300 _a428ص
336 _atext
_btxt
_2rdacontent
337 _aunmediated
_bn
_2rdamedia
338 _avolume
_bnc
_2rdacarrier
650 4 _aالسياحة - الارشاد - المناطق السياحية - الصناعة السياحية
_951046
999 _aA22523
_c26091
_d26091